000 00696cam a22002533a 4500
001 28615
003 PGUSA
005 20140828083622.0
008 090426s2009||||xxu|||||s|||||000 1 eng d
040 _aPGUSA
_beng
042 _adc
050 4 _aPR
100 1 _aSinclair, May,
_d1863-1946
245 1 4 _aThe Flaw in the Crystal
_h[electronic resource] /
_cMay Sinclair
260 _bProject Gutenberg,
_c2009
506 _aPublic domain in the USA.
516 _aElectronic text
653 _aParanormal fiction
653 _aHealers -- Fiction
653 _aPsychics -- Fiction
830 0 _aProject Gutenberg
_v28615
856 4 0 _uhttp://www.gutenberg.org/ebooks/28615
942 _cEB
999 _c257870
_d257870